00875nam a2200253Ia 4500003000400000005001700004008004100021020002200062040000700084041000800091082001500099100003100114245008800145260003000233300001700263365001300280650002900293650002000322700002600342906008600368942001200454999001900466952013600485OSt20250630153536.0210423s2005 xx 000 0 und d a978-0-240-51910-8 cAL aeng a006.7 MACT aCarol MacGillivray9102162 aThree D for the web: interactive three d animation using 3ds max flash and director aAmsterdambElsevierc2005 avii,316pbPB b495cINR aComputer Methods9102163 aGeneral9102164 aHead, Anthony9216617 a3ds ; animation ; D ; director ; flash ; interactive ; max ; Three ; using ; web: 2ddccBK c165799d165799 001040708MAJMCaSACPGbSACPGd2014-07-24eIntact Bookhouseg495.00l0o006.7 MACTpPG012297r2022-08-24 00:00:00w2021-04-26yBK